000 00343 a2200157 4500
001 174203
020 _a
040 _cMagnum
100 _aPerdrizet, Marie-Pierre
240 1 0 _aOs homens da pre-historia
_lpor
245 1 0 _aOs homens da pre-historia
362 0 _a1899
440 1 _aScipione
697 _aIJ/PARADIDATICO
942 _cBK
999 _c174203
_d174203